| 000 | 01274 a2200229 4500 | ||
|---|---|---|---|
| 001 | 37777 | ||
| 005 | 20260407155644.0 | ||
| 008 | 260407a2013 arg spa d | ||
| 003 | AR-UNSa-BCEJYS | ||
| 040 |
_aAR-UNSa-BCEJYS _bspa _cAR-UNSa-BCEJYS |
||
| 080 |
_a658.01 _xMetodología. Teoría y práctica de la organización( teoria de la organización, análisis organizacional...) |
||
| 245 | 1 | 0 | _aAnálisis organizacional en pymes y empresas de familia |
| 020 | _a978-950-641-779-6 | ||
| 264 | 1 |
_aBuenos Aires : _bGranica _c2013 |
|
| 300 |
_a286 p. _c22 cm. |
||
| 505 | _a1. Antecedentes del análisis organizacional - 2. Dimensiones organizacionales - 3. Análisis organizacional como estrategia de cambio - 4. El marco teórico - 5. Presentación del caso - 6. Surgimiento de la empresa: desarrollo del proyecto personal por cuenta propia - 7. La estructura organizativa - 8. El equipo de gerencia: roles y relaciones interpersonales - 9. Crisis, representación y participación: el caso envases de azul - 10. Turbulencia, crisis y participación | ||
| 041 | _aspa | ||
| 942 | _cBK | ||
| 590 | _aniveau_biblio:m niveau_hierar:0 | ||
| 100 | 1 | _aSchlemenson, Aldo | |
| 856 | 4 | 1 |
_uhttps://biblioeco.unsa.edu.ar/pmb/images/libros/L125697.jpg _yImagen de portada _qimage/jpeg |
| 999 |
_c2789 _d2789 |
||